Sports Quiz

Random Sports or Football Quiz

2018/19 Premier League Stats Quiz Stats

 Plays Quiz not verified by Sporcle

Score 0/75 Timer 10:00
2 Plays Today
Stat Player % Correct
Goals ScoredSadio Mane
98.9%
ShotsSergio Aguero
98.7%
AssistsEden Hazard
98.5%
Goals ScoredSergio Aguero
98.4%
Goals ScoredMohamed Salah
94.7%
Goals ScoredPierre-Emerick Aubameyang
93.7%
Goals ScoredJamie Vardy
91.9%
ShotsAleksandar Mitrovic
90.8%
ShotsMohamed Salah
85.9%
Through BallsChristian Eriksen
85.5%
AssistsTrent Alexander-Arnold
85.5%
AssistsChristian Eriksen
84.4%
Through BallsJorginho
83.3%
ShotsPaul Pogba
82.2%
SavesBen Foster
79.9%
SavesLukasz Fabianski
78.4%
AssistsRyan Fraser
78.3%
OffsidesJamie Vardy
77.7%
Clean SheetsEderson
77.5%
Clean SheetsAlisson Becker
76.1%
Through BallsDavid Luiz
75.1%
PassesJorginho
74.3%
Clean SheetsHugo Lloris
74.2%
Goals ConcededSergio Rico
73.5%
PassesVirgil van Dijk
73.2%
Clean SheetsKepa Arrizabalaga
73.1%
SavesDavid De Gea
72.9%
Goals ConcededMat Ryan
71.2%
Woodwork HitMichail Antonio
70.7%
AssistsAndrew Robertson
66.5%
Woodwork HitSergio Aguero
66.3%
Through BallsJames Maddison
66%
OffsidesGerard Deulofeu
65.9%
PassesAntonio Rudiger
64.9%
PassesAymeric Laporte
63.1%
SavesNeil Etheridge
63%
CrossesJose Holebas
63%
OffsidesAleksander Mitrovic
62.4%
Stat Player % Correct
ShotsRaul Jimenez
61.9%
PassesDavid Luiz
61%
Woodwork HitMarcos Alonso
60.5%
SavesSergio Rico
60.1%
OffsidesChris Wood
59%
OffsidesGlenn Murray
58.2%
Goals ConcededLukasz Fabianski
58%
Through BallsFelipe Anderson
57.5%
Goals ConcededBen Foster
57.4%
Goals ConcededNeil Etheridge
56.6%
CrossesJames Maddison
53.3%
Clean SheetsJordan Pickford
52.9%
CrossesRyan Fraser
52.2%
CrossesLucas Digne
52%
BlocksBen Mee
48.7%
FoulsAleksandar Mitrovic
46.9%
BlocksJames Tarkowski
45.9%
BlocksLewis Dunk
43.8%
BlocksShane Duffy
38.8%
TacklesWilfred Ndidi
37.3%
TacklesRicardo Pereira
36.9%
FoulsGlenn Murray
36.8%
CrossesMatt Ritchie
36.7%
TacklesIdrissa Gueye
35%
Woodwork HitSalomon Rondon
33.1%
Woodwork HitWillian
31.5%
Yellow CardsJose Holebas
31.3%
Yellow CardsRyan Bennett
30.9%
TacklesJoao Moutinho
30.5%
FoulsLuka Milivojevic
24.4%
TacklesAaron Wan-Bissaka
23.9%
Yellow CardsJefferson Lerma
23.5%
FoulsJonathan Hogg
22.5%
Yellow CardsEtienne Capoue
22.2%
BlocksIssa Diop
20.4%
Yellow CardsSokratis
17.4%
FoulsJames McArthur
16.2%

You're not logged in!

Compare scores with friends on all Sporcle quizzes.
OR
Log In

Show Comments

Extras

Top Quizzes Today


Score Distribution

Your Account Isn't Verified!

In order to create a playlist on Sporcle, you need to verify the email address you used during registration. Go to your Sporcle Settings to finish the process.

Report this User

Report this user for behavior that violates our Community Guidelines.

Details: